LDR 00899naa#a2200169#i#450# 001 EN\\bibl\121513 005 20260703102212.5 011 ## _a3033-7879 100 ## _a20260331b2026####ek#y0engy0150####ca 102 ## _aRU 200 1# _aFORMATION OF DIGITAL SUVEREIGNTY MECHANISMS IN RUSSIA AS A STRATEGIC RESOURCE FOR STRENGTHENING NATIONAL SECURITY IN THE CONTEXT (THEORETICAL AND LEGAL ANALYSIS) _eJournal article 210 1# _aVolgograd _cVolgograd Academy of the Ministry of Internal Affairs of Russia _d2026 215 ## _a0 с. 608 ## _aJournal article _2local 675 ## _aПраво. Юридические науки. 34 _aПрирода права. Подразделения права. Правовые теории. Области применения. Территория, на которой действует право. 34.01 _z 700 #1 _aBlinkova _gViktoriya Aleksandrovna 856 4# _ava-mvd.editorum.ru _u